<?xml version="1.0" encoding="UTF-8"?>
<record
    xmlns:xsi="http://www.w3.org/2001/XMLSchema-instance"
    xsi:schemaLocation="http://www.loc.gov/MARC21/slim http://www.loc.gov/standards/marcxml/schema/MARC21slim.xsd"
    xmlns="http://www.loc.gov/MARC21/slim">

  <leader>02487    a2200241   4500</leader>
  <controlfield tag="001">28960</controlfield>
  <controlfield tag="005">20260407155558.0</controlfield>
  <controlfield tag="008">260407a1973    arg                 spa d</controlfield>
  <controlfield tag="003">AR-UNSa-BCEJYS</controlfield>
  <datafield tag="040" ind1=" " ind2=" ">
    <subfield code="a">AR-UNSa-BCEJYS</subfield>
    <subfield code="b">spa</subfield>
    <subfield code="c">AR-UNSa-BCEJYS</subfield>
  </datafield>
  <datafield tag="080" ind1=" " ind2=" ">
    <subfield code="a">657</subfield>
    <subfield code="x">Contabilidad</subfield>
  </datafield>
  <datafield tag="245" ind1="1" ind2="0">
    <subfield code="a">Introducci&#xF3;n a la contabilidad</subfield>
  </datafield>
  <datafield tag="264" ind1=" " ind2="1">
    <subfield code="a">M&#xE9;xico :</subfield>
    <subfield code="b">McGraw-Hill</subfield>
    <subfield code="c">1973</subfield>
  </datafield>
  <datafield tag="300" ind1=" " ind2=" ">
    <subfield code="a">759 p.</subfield>
    <subfield code="c">24 cm.</subfield>
  </datafield>
  <datafield tag="505" ind1=" " ind2=" ">
    <subfield code="a">Parte I: El ambiente de la contabilidad: 1. Contabilidad: el lenguaje de los negocios -- Parte II: La recolecci&#xF3;n y tabulaci&#xF3;n de los datos: 2. Transacciones contables y la ecuaci&#xF3;n b&#xE1;sica - 3. An&#xE1;lisis de las transacciones y de las cuentas - 4. Los libros auxiliares y el ciclo contable - 5. Libros auxiliares del mayor, cuentas de control y transacciones a cr&#xE9;dito - 6. La contabilizaci&#xF3;n de instrumentos de cr&#xE9;dito - 7. La contabilizaci&#xF3;n de las transacciones en efectivo - 8. Sistematizaci&#xF3;n y automatizaci&#xF3;n del proceso contable -- Parte III: La comparaci&#xF3;n y modificaci&#xF3;n de la informaci&#xF3;n contable: 9. La contabilizaci&#xF3;n de acumulados y diferidos - 10. La contabilizaci&#xF3;n de inventarios - 11. La contabilizaci&#xF3;n de activos duraderos - 12. La contabilizaci&#xF3;n de obligaciones corrientes - 13. La contabilizaci&#xF3;n de las obligaciones a largo plazo -- Parte IV: Contabilidad de sociedades y corporaciones: 14. Sociedades - 15. Corporaciones: naturaleza y terminolog&#xED;a - 16. Corporaciones: transacciones del capital propio aportado - 17. Corporaciones: transacciones de las ganancias no distribuidas -- Parte V: Contabilizaci&#xF3;n de los impuestos nacionales a la renta o utilidades: 18. Impuestos nacionales a la renta o utilidades -- Parte VI: Difusi&#xF3;n e interpretaci&#xF3;n de los datos contables: 19. Estados financieros b&#xE1;sicos - 20. Estados financieros especiales - 21. Herramientas b&#xE1;sicas del an&#xE1;lisis de los estados financieros - 22. Herramientas especiales del an&#xE1;lisis financiero - Parte VII: La planeaci&#xF3;n y el control de las operaciones de fabricaci&#xF3;n: 23. La contabilidad de las operaciones de fabricaci&#xF3;n - 24. Sistemas b&#xE1;sicos de costos - 25. Presupuesto y costo estandar -- Parte VIII: Matem&#xE1;ticas para la contabilidad: 26. T&#xE9;cnicas matem&#xE1;ticas esenciales para el proceso contable</subfield>
  </datafield>
  <datafield tag="942" ind1=" " ind2=" ">
    <subfield code="c">BK</subfield>
  </datafield>
  <datafield tag="590" ind1=" " ind2=" ">
    <subfield code="a">niveau_biblio:m niveau_hierar:0</subfield>
  </datafield>
  <datafield tag="100" ind1="1" ind2=" ">
    <subfield code="a">Perry, Kennet W.</subfield>
  </datafield>
  <datafield tag="700" ind1="1" ind2=" ">
    <subfield code="a">Ortiz Pulecio, Mario</subfield>
  </datafield>
  <datafield tag="700" ind1="1" ind2=" ">
    <subfield code="a">Loaiza Gallon, Hernando</subfield>
  </datafield>
  <datafield tag="700" ind1="1" ind2=" ">
    <subfield code="a">Molina Lozano, Jairo</subfield>
  </datafield>
  <datafield tag="700" ind1="1" ind2=" ">
    <subfield code="a">Garcia Madariaga, Ricardo</subfield>
  </datafield>
  <datafield tag="999" ind1=" " ind2=" ">
    <subfield code="c">1763</subfield>
    <subfield code="d">1763</subfield>
  </datafield>
  <datafield tag="952" ind1=" " ind2=" ">
    <subfield code="0">0</subfield>
    <subfield code="1">0</subfield>
    <subfield code="4">0</subfield>
    <subfield code="7">0</subfield>
    <subfield code="a">BCEJYS</subfield>
    <subfield code="b">BCEJYS</subfield>
    <subfield code="c">16</subfield>
    <subfield code="d">2026-04-07</subfield>
    <subfield code="l">0</subfield>
    <subfield code="o">657 P462</subfield>
    <subfield code="p">L26180</subfield>
    <subfield code="r">2026-04-07 15:55:58</subfield>
    <subfield code="w">2026-04-07</subfield>
    <subfield code="y">L</subfield>
  </datafield>
  <datafield tag="952" ind1=" " ind2=" ">
    <subfield code="0">0</subfield>
    <subfield code="1">0</subfield>
    <subfield code="4">0</subfield>
    <subfield code="7">0</subfield>
    <subfield code="a">BCEJYS</subfield>
    <subfield code="b">BCEJYS</subfield>
    <subfield code="c">16</subfield>
    <subfield code="d">2026-04-07</subfield>
    <subfield code="l">0</subfield>
    <subfield code="o">657 P462</subfield>
    <subfield code="p">L26181</subfield>
    <subfield code="r">2026-04-07 15:55:58</subfield>
    <subfield code="w">2026-04-07</subfield>
    <subfield code="y">L</subfield>
  </datafield>
  <datafield tag="952" ind1=" " ind2=" ">
    <subfield code="0">0</subfield>
    <subfield code="1">0</subfield>
    <subfield code="4">0</subfield>
    <subfield code="7">0</subfield>
    <subfield code="a">BCEJYS</subfield>
    <subfield code="b">BCEJYS</subfield>
    <subfield code="c">16</subfield>
    <subfield code="d">2026-04-07</subfield>
    <subfield code="l">0</subfield>
    <subfield code="o">657 P462</subfield>
    <subfield code="p">L26182</subfield>
    <subfield code="r">2026-04-07 15:55:58</subfield>
    <subfield code="w">2026-04-07</subfield>
    <subfield code="y">L</subfield>
  </datafield>
</record>
